[Event "Curitiba Sul Regional-ch"]
[Site "Curitiba"]
[Date "2015.07.12"]
[Round "6"]
[White "Do Prado, Arthur Rosa"]
[Black "Caratchuk, Renam Moreira"]
[Result "0-1"]
[WhiteElo "1800"]
[BlackElo "1800"]
[PlyCount "50"]
[EventDate "2015.07.10"]
[EventType "swiss"]
[EventRounds "6"]
[EventCountry "BRA"]
[SourceTitle "EXT 2017"]
[Source "ChessBase"]
[SourceDate "2016.10.25"]
[SourceVersion "1"]
[SourceVersionDate "2016.10.25"]
[SourceQuality "1"]

1. d4 d5 2. Nc3 Nf6 3. Nf3 e6 4. a3 c5 5. Bg5 Nc6 6. e3 a6 7. Be2 h6 8. Bxf6 Qxf6 9. 0-0 b5 10. Re1 Bd6 11. b3 c4 12. bxc4 bxc4 13. Na4 0-0 14. c3 Na5 15. Nc5 Bxc5 16. dxc5 Nb3 17. Ra2 Qxc3 18. Nd4 Qa5 19. Nxb3 cxb3 20. Qxb3 Qxe1+ 21. Bf1 Qa5 22. c6 e5 23. Qc2 d4 24. exd4 Be6 25. Rb2 Qxa3 0-1

[Event "Curitiba Sul Regional-ch"]
[Site "Curitiba"]
[Date "2015.07.12"]
[Round "5"]
[White "Scardini, Leonardo"]
[Black "Do Prado, Arthur Rosa"]
[Result "1-0"]
[WhiteElo "1491"]
[BlackElo "1800"]
[PlyCount "103"]
[EventDate "2015.07.10"]
[EventType "swiss"]
[EventRounds "6"]
[EventCountry "BRA"]
[SourceTitle "EXT 2017"]
[Source "ChessBase"]
[SourceDate "2016.10.25"]
[SourceVersion "1"]
[SourceVersionDate "2016.10.25"]
[SourceQuality "1"]

1. d4 d5 2. c4 Nf6 3. Nc3 h6 4. Nf3 Nc6 5. Bf4 e6 6. e3 Bb4 7. h3 0-0 8. Qc2 Bxc3+ 9. bxc3 Re8 10. Bd3 Ne4 11. 0-0 b6 12. Bxe4 dxe4 13. Qxe4 Bb7 14. Rab1 Rb8 15. Qc2 Ne7 16. Qe2 Bxf3 17. Qxf3 Ng6 18. Bg3 e5 19. Qc6 Re6 20. Qa4 Ra8 21. Rb2 exd4 22. cxd4 Re4 23. Qc2 Re7 24. Rfb1 c5 25. Rd1 cxd4 26. Rxd4 Qe8 27. Qd3 Ne5 28. Bxe5 Rxe5 29. Rd2 f6 30. Rd7 a6 31. Qe2 b5 32. Rc7 bxc4 33. Qxc4+ Kh8 34. Rdd7 Rg5 35. Qf7 Qxf7 36. Rxf7 Rb8 37. f4 Ra5 38. Rxg7 Rxa2 39. Rh7+ Kg8 40. Rxh6 Re2 41. Rg6+ Kh8 42. Rg3 a5 43. Rcg7 a4 44. R7g4 Rxe3 45. Rxe3 Rb1+ 46. Kf2 Rb7 47. Rh4+ Rh7 48. Rxh7+ Kxh7 49. Kf3 a3 50. Ke4 a2 51. Ra3 a1Q 52. Rxa1 1-0

[Event "Curitiba Sul Regional-ch"]
[Site "Curitiba"]
[Date "2015.07.11"]
[Round "3"]
[White "Do Prado, Arthur Rosa"]
[Black "Lahoz, Cassiano Ricardo Ne"]
[Result "0-1"]
[WhiteElo "1800"]
[BlackElo "1812"]
[PlyCount "59"]
[EventDate "2015.07.10"]
[EventType "swiss"]
[EventRounds "6"]
[EventCountry "BRA"]
[SourceTitle "EXT 2017"]
[Source "ChessBase"]
[SourceDate "2016.10.25"]
[SourceVersion "1"]
[SourceVersionDate "2016.10.25"]
[SourceQuality "1"]

1. c4 Nf6 2. b3 g6 3. Bb2 Bg7 4. g3 0-0 5. Bg2 c5 6. Nf3 Nc6 7. 0-0 d6 8. d4 cxd4 9. Nxd4 Bd7 10. Nxc6 Bxc6 11. Bxc6 bxc6 12. Nd2 Qd7 13. e4 Qh3 14. Qf3 Ng4 15. Qg2 Qxg2+ 16. Kxg2 Bxb2 17. Rab1 Bc3 18. Nf3 Ne5 19. Nxe5 Bxe5 20. f4 Bg7 21. Rfd1 Rfd8 22. Rd2 Rd7 23. Rbd1 Rad8 24. Rd3 e6 25. b4 d5 26. cxd5 cxd5 27. b5 Rb7 28. a3 Bf8 29. Rb1 a5 30. b6 0-1